000
00346nam a2200133Ia 4500
008
151001s9999||||xx |||||||||||||| ||und||
100
_a
मनमोहन लोककवी
245
_a
आनंद घन
250
_a
1
260
_b
सुरस प्रकाशन पंजाब
260
_c
1975
300
_a
160
365
_b
18
999
_c
957718
_d
957715